Huyền Trân công chúa : Tiểu thuyết lịch sử /
में बचाया:
| मुख्य लेखक: | |
|---|---|
| स्वरूप: | Sách giấy |
| भाषा: | Vietnamese |
| प्रकाशित: |
H. :
Phụ nữ,
2003
|
| टैग : |
टैग जोड़ें
कोई टैग नहीं, इस रिकॉर्ड को टैग करने वाले पहले व्यक्ति बनें!
|
| Thư viện lưu trữ: | Thư viện Trường Đại học Đà Lạt |
|---|
| LEADER | 00621nam a2200265 4500 | ||
|---|---|---|---|
| 001 | DLU040026192 | ||
| 005 | ##20040225 | ||
| 040 | # | # | |a DLU |b vie |
| 041 | # | # | |a vie |
| 044 | # | # | |a vn |
| 082 | # | # | |a TV |b HO-H |
| 100 | # | # | |a Hoàng Quốc Hải |
| 245 | # | # | |a Huyền Trân công chúa : |b Tiểu thuyết lịch sử / |c Hoàng Quốc Hải |
| 260 | # | # | |a H. : |b Phụ nữ, |c 2003 |
| 300 | # | # | |a 407 tr. ; |c 19 cm |
| 992 | # | # | |a 43000 |
| 994 | # | # | |a DLU |
| 900 | # | # | |a True |
| 911 | # | # | |a Nguyễn Thị Tố Hạnh |
| 925 | # | # | |a G |
| 926 | # | # | |a A |
| 927 | # | # | |a SH |
| 980 | # | # | |a Thư viện Trường Đại học Đà Lạt |